[Event "JPN-ch"]
[Site "Tokyo"]
[Date "2020.11.01"]
[Round "4"]
[White "Ogasa, Seiichi"]
[Black "Scott, Tyler"]
[Result "0-1"]
[WhiteElo "1636"]
[BlackElo "1915"]
[PlyCount "164"]
[EventDate "2020.10.31"]
[EventType "swiss"]
[EventRounds "7"]
[EventCountry "JPN"]
[SourceTitle "CBM 199 Extra"]
[Source "ChessBase"]
[SourceDate "2021.01.31"]
[SourceVersion "1"]
[SourceVersionDate "2021.01.31"]
[SourceQuality "1"]

1. g3 Nf6 2. Bg2 d5 3. c4 c6 4. Nc3 e6 5. Nf3 Nbd7 6. b3 Bd6 7. 0-0 0-0 8. d4 Qe7 9. Bb2 Ne4 10. Nxe4 dxe4 11. Ne5 f5 12. Qd2 Nxe5 13. dxe5 Bc7 14. Rad1 Rd8 15. Qc1 Bd7 16. Ba3 c5 17. Qc3 Bc6 18. b4 cxb4 19. Bxb4 Qf7 20. Bd6 Rac8 21. f3 exf3 22. Bxf3 Ba4 23. Rd2 Bb6+ 24. Kg2 Qd7 25. Qb4 Bc6 26. Rd3 Bxf3+ 27. exf3 Qc6 28. Rc1 Bc5 29. Qd2 b6 30. Bxc5 Rxd3 31. Qxd3 Qxc5 32. Qd7 Qc6 33. Qxa7 Ra8 34. Qe7 Rxa2+ 35. Kh3 h6 36. Rc3 Kh7 37. Qd6 Qxd6 38. exd6 Rd2 39. c5 bxc5 40. Rxc5 Rxd6 41. Re5 Kg6 42. Re2 Kf6 43. f4 Rd5 44. Kg2 e5 45. fxe5+ Rxe5 46. Ra2 g5 47. Kf3 g4+ 48. Kf2 Rb5 49. Rc2 Kg5 50. Ra2 f4 51. gxf4+ Kxf4 52. Ra4+ Kg5 53. Ra2 h5 54. Rc2 h4 55. Ra2 Rb4 56. Rc2 Rf4+ 57. Kg2 h3+ 58. Kg1 Rd4 59. Kf2 Rd1 60. Ra2 Rh1 61. Ke3 Kh4 62. Kf4 Rf1+ 63. Ke3 Rf3+ 64. Ke2 Rf4 65. Ra8 Rf5 66. Rh8+ Kg5 67. Ra8 Rb5 68. Ra2 Rb1 69. Ke3 Rh1 70. Ra5+ Kh4 71. Ra2 Rxh2 72. Rxh2 g3 73. Ra2 h2 74. Ra8 g2 75. Rh8+ Kg5 76. Rg8+ Kf5 77. Rxg2 h1Q 78. Kf2 Kf4 79. Rg1 Qh4+ 80. Ke2 Qe7+ 81. Kd2 Qb4+ 82. Kd3 Qb3+ 0-1